The climax of Rome
Αποθηκεύτηκε σε:
| Κύριος συγγραφέας: | |
|---|---|
| Μορφή: | Βιβλίο |
| Γλώσσα: | Αγγλικά |
| Έκδοση: |
Londres
Cardinal
1974
|
| Σειρά: | History of Civilisation
|
| Θέματα: | |
| Ετικέτες: |
Προσθήκη ετικέτας
Δεν υπάρχουν, Καταχωρήστε ετικέτα πρώτοι!
|
MARC
| LEADER | 00000nam a2200000 a 4500 | ||
|---|---|---|---|
| 001 | UCP9081 | ||
| 003 | CL-VaPUC | ||
| 008 | 000317e19740000UK |||||||||||||||||eng|d | ||
| 082 | 0 | 4 | |a 937.07 |b GRA |2 21 |
| 100 | |a Grant, Michael |e author |9 559268 | ||
| 245 | 1 | 4 | |a The climax of Rome |
| 300 | |a 349 p | ||
| 942 | |c BK | ||
| 945 | |d 20000317 00:00:00 |a rherrera | ||
| 260 | |a Londres |b Cardinal |c 1974 | ||
| 600 | 0 | |a Marco Aurelio, |d 121-180 |9 347213 | |
| 650 | 0 | |a Historia antigua |9 267521 | |
| 650 | 7 | |a ROMA |2 CL-VaPUC |9 317375 | |
| 650 | 0 | |a Imperio Romano |9 322785 | |
| 650 | 0 | |a Arte romano |9 267838 | |
| 650 | 0 | |a Arquitectura romana |9 314422 | |
| 650 | 0 | |a Filosofía romana |9 344946 | |
| 650 | 7 | |a RELIGION ROMANA |2 CL-VaPUC |9 439422 | |
| 650 | 0 | |a Cristianismo |9 257361 | |
| 583 | |a last modification |c 20000317 00:00:00 |k Rodrigo Vera | ||
| 490 | 0 | |a History of Civilisation | |
| 999 | |c 285932 |d 285930 | ||
| 952 | |0 0 |1 0 |4 0 |6 937_070000000000000_GRA_1974 |7 0 |8 A |9 330798 |a BIBHIS |b BIBHIS |d 2019-11-20 |i 1395696 |o 937.07 GRA 1974 |p 1395696 |r 2023-01-25 |w 2019-11-20 |y BK |k HIS | ||